<?xml version="1.0" encoding="UTF-8"?>
<record
    xmlns:xsi="http://www.w3.org/2001/XMLSchema-instance"
    xsi:schemaLocation="http://www.loc.gov/MARC21/slim http://www.loc.gov/standards/marcxml/schema/MARC21slim.xsd"
    xmlns="http://www.loc.gov/MARC21/slim">

  <leader>01635nam a22001337a 4500</leader>
  <datafield tag="999" ind1=" " ind2=" ">
    <subfield code="c">533046</subfield>
    <subfield code="d">533046</subfield>
  </datafield>
  <controlfield tag="008">260421b           ||||| |||| 00| 0 eng d</controlfield>
  <datafield tag="100" ind1=" " ind2=" ">
    <subfield code="a">Widner, Kirsten and   Lane, Elizabeth A</subfield>
    <subfield code="9">60115</subfield>
  </datafield>
  <datafield tag="245" ind1=" " ind2=" ">
    <subfield code="a">Mixed ignals? Rethinking how ideology and institutional motivations shape the solicitor general&#x2019;s positions</subfield>
  </datafield>
  <datafield tag="260" ind1=" " ind2=" ">
    <subfield code="a">Political Research Quarterly </subfield>
  </datafield>
  <datafield tag="300" ind1=" " ind2=" ">
    <subfield code="a">78(4), Dec, 2025: p.1220-1236</subfield>
  </datafield>
  <datafield tag="520" ind1=" " ind2=" ">
    <subfield code="a">The Office of the Solicitor General (OSG) wins more cases before the US Supreme Court than any other party. Recent scholarship shows that justices are most likely to side with the OSG when its position is ideologically aligned with justices&#x2019; predispositions and when the OSG takes a position counter its own presumed preferences. However, previous studies fail to account for how the institutional role of the OSG shapes what should be considered a counter-preference signal. We offer a new approach to defining the OSG&#x2019;s preferences and test our assumptions using cases argued before the Court from 1979 to 2018. We show it is more common for the OSG to act against its ideological predispositions than its institutional interests, and it is exceedingly rare for it to act against both. We find the effects of counter-interest signals are context dependent and may be less important than ideological congruence and institutional concerns.-Reproduced 


https://journals.sagepub.com/doi/full/10.1177/10659129251348456?_gl=1*118usw1*_up*MQ..*_ga*MjMzNjk2NTEzLjE3NzY3NTE
3ODE.*_ga_60R758KFDG*czE3NzY3NTE3ODAkbzEkZzEkdDE3NzY3NTE4MDQkajM2JGwwJGgyNTQ0NDIwNjg.</subfield>
  </datafield>
  <datafield tag="773" ind1=" " ind2=" ">
    <subfield code="a">Political Research Quarterly </subfield>
  </datafield>
  <datafield tag="942" ind1=" " ind2=" ">
    <subfield code="c">AR</subfield>
  </datafield>
  <datafield tag="952" ind1=" " ind2=" ">
    <subfield code="0">0</subfield>
    <subfield code="1">0</subfield>
    <subfield code="2">ddc</subfield>
    <subfield code="4">0</subfield>
    <subfield code="7">0</subfield>
    <subfield code="9">408217</subfield>
    <subfield code="a">IIPA</subfield>
    <subfield code="b">IIPA</subfield>
    <subfield code="d">2026-04-21</subfield>
    <subfield code="h">78(4), Dec, 2025: p.1220-1236</subfield>
    <subfield code="p">AR138558</subfield>
    <subfield code="r">2026-04-21</subfield>
    <subfield code="y">AR</subfield>
  </datafield>
</record>
